00618naa a22001457i 4500003000900000005001700009008004100026035001700067040002400084041000800108100012100116245008200237260001000319773014300329KOSZ 00520180411144204.0160308s2010 ||||| ||||0|| 0 pol  aPBN-R:249868 cKOSZ 005/mdaPBN-ID0 apol aRADAWIECKA, Ewa.bPolitechnika Koszalińska - Instytut Ekonomii i Zarządzania,cZakład Rachunkowościd1996 - .10aZnaczenie marki i know-how dla wyceny bilansowej franczyzy /cEwa Radawiecka. c2010.08iW:tFinanse. Rynki Finansowe. Ubezpieczenia. -dSzczecin : Wydawnictwo naukowe Uniwersytetu Szczecińskiego. -g2010, T. 25, s. 477--486.